000 00502nam a2200193Ia 4500
001 3293
008 140317s9999 xx 000 0 und d
040 _cPK-LaUMT
082 _a 657.42
_bMAT-C
100 _aMatz, Adolph
245 _aCost accounting planning and control
_cMatz, Adolph<>Usry, Milton F.
250 _a7th
260 _aCincinnati:
_bSouth-Western Publishing Co.,
_c1993
300 _a880 p.
546 _aEN
650 _aCost accounting
700 _aUsry, Milton F.
942 _cBK
999 _c3541
_d3541